Be a friend to yourself : (Record no. 136081)

MARC details
000 -LEADER
fixed length control field 00665nam a22002177a 4500
005 - DATE AND TIME OF LATEST TRANSACTION
control field 20170124110254.0
010 ## - LIBRARY OF CONGRESS CONTROL NUMBER
LC control number A-903221
020 ## - INTERNATIONAL STANDARD BOOK NUMBER
Terms of availability 00.00
035 ## - SYSTEM CONTROL NUMBER
System control number A-903221
037 ## - SOURCE OF ACQUISITION
Source of stock number/acquisition Cen Lib/Ret
040 ## - CATALOGING SOURCE
Original cataloging agency DPL
Language of cataloging EN
082 ## - DEWEY DECIMAL CLASSIFICATION NUMBER
Classification number 158.1
Item number BON
100 ## - MAIN ENTRY--PERSONAL NAME
Personal name Bonet, Joseph V
9 (RLIN) 114892
245 ## - TITLE STATEMENT
Title Be a friend to yourself :
Statement of responsibility, etc by Joseph V. Bonet
Remainder of title a handbook of self-esteem /
260 ## - PUBLICATION, DISTRIBUTION, ETC. (IMPRINT)
Place of publication, distribution, etc Gujrat
Name of publisher, distributor, etc Gujrat Sahitya Prakashan
Date of publication, distribution, etc 1996
270 ## - ADDRESS
Address Post Box 70 Anand
City Gujrat
Postal code 388001
300 ## - PHYSICAL DESCRIPTION
Extent xi,132p.
Dimensions 20cm(Hb)
650 ## - SUBJECT ADDED ENTRY--TOPICAL TERM
Topical term or geographic name as entry element Self-Esteem vs Narcissim
9 (RLIN) 114893
650 ## - SUBJECT ADDED ENTRY--TOPICAL TERM
Topical term or geographic name as entry element Self-Esteem--Children
9 (RLIN) 114894
942 ## - ADDED ENTRY ELEMENTS (KOHA)
Source of classification or shelving scheme Dewey Decimal Classification
Koha item type English Books
Classification part 158.1
Call number suffix BON
Holdings
Withdrawn status Lost status Damaged status Not for loan Home library Current library Date acquired Source of acquisition Cost, normal purchase price Total Checkouts Total Renewals Full call number Barcode Date last seen Date checked out Copy number Cost, replacement price Price effective from Koha item type
        Central Library Central Library 13/10/2015 Cen Lib/Ret 0.00 6 2 158.1 BON A-903221 31/08/2024 16/08/2024 1 0.00 13/10/2015 English Books

© Delhi Public Library
Hit Counter
free hit counter